000 00417nam a2200157 4500
001 137828
003 ES-MaACL
005 20230906195441.0
007 t|
008 070214s1964 sp r ||||1| spa d
100 1 _aSalminen, Sally.
_9101998
245 1 0 _aMariana /
_cSally Salminen.
260 _aBarcelona :
_bCĂ­rculo de Lectores,
_c1964.
300 _a422 p. ;
_c21 cm.
852 _aES-MaACL
_jC-25435
_bR.54296
999 _c137828
_d137828